Türkiye'nin hukuk serüveni (Record no. 6536)

MARC details
000 -BAŞLIK
Sabit Uzunlukta Kontrol Alanı 00844na a2200265 4500
001 - KONTROL NUMARASI
Denetim Alanı 24471
003 - KONTROL NUMARASI IDENTIFIER
Denetim Alanı MIRAKIL
005 - SON İŞLEM TARİHİ VE ZAMANI
Denetim Alanı 20181213155110.0
008 - SABİT-BOY VERİ ELEMANLARI - GENEL BİLGİLER
Sabit Uzunlukta Kontrol Alanı 181115b tu 000 0
020 ## - ULUSLARARASI STANDART KİTAP NUMARASI
Uluslararası Standart Kitap Numarası 9786050923254
040 ## - KATALOGLAMA KAYNAK
Orijinal Kataloglama Ajansı Milas
Kataloglama Dili tur
Metne Dönüştürmek Ajansı TR-AnCHP
041 ## - DİL KODU
Metin / Ses Parça Veya Ayrı Başlığın Dil Kodu tur
082 ## - DEWEY ONLU SINIFLANDIRMA NUMARASI
Sınıflandırma Numarası 340.09561
Ürün Numarası A49t 2014
090 ## - SINIFLAMA NUMARASI
Sınıflama Numarası 340.09561 A49t 2014
100 ## - ANA GİRİŞ - KİŞİSEL İSİM
Kişisel Ad Akyol, Taha
245 ## - BAŞLIK TABLOSU
Başlık Türkiye'nin hukuk serüveni
Başlığın Kalan fıkıhtan hukuka ve demokrasiye geçiş sorunları
Sorumluluk Tablosu, Vb Taha Akyol
246 ## - UNVAN FORM VARYING
Başlık Doğru / Kısa Başlığı fıkıhtan hukuka ve demokrasiye geçiş sorunları
260 ## - YAYIN, DAĞITIM, VB
Yayın, Dağıtım, Vb Yeri İstanbul
Yayıncı, Dağıtıcı, Vs Adı Doğan Kitap
Yayın, Dağıtım, Vb Tarihi 2014
Üretici Firma Mega basım yayın
300 ## - FİZİKSEL TANIM
Kapsam 328 s.
Boyutlar 23 sm.
504 ## - KAYNAKÇA VB NOT
Kaynakça Vb Notu Kaynakça ve dizin var.
650 ## - KONU KATMA GİRİŞ - TOPİKAL DÖNEM
Topikal Süreli Veya Coğrafi Ad Giriş Elemanı Demokrasi
Genel Alt Bölümü Türkiye
650 ## - KONU KATMA GİRİŞ - TOPİKAL DÖNEM
Topikal Süreli Veya Coğrafi Ad Giriş Elemanı Hukuk
Genel Alt Bölümü Tarih
Coğrafi Alt Bölümü Türkiye
740 ## - KATMA GİRİŞ - KONTROLSUZ İLGİLİ / ANALİTİK BAŞLIK
Kontrol Edilmeyen / İlgili Analitik Başlıktaki fıkıhtan hukuka ve demokrasiye geçiş sorunları
942 ## - EKLENDİ GİRİŞ ELEMANLARI (KOHA)
Sınıflandırma Veya Raf Düzeni Kaynak
Koha Öğesi Türü Books
999 ## - SİSTEM KONTROL NUMARALARI (KOHA)
Koha Biblionumber 6536
Koha Biblioitemnumber 6536
Holdings
Kalıcı Konum Mevcut Konum Edinme Tarihi Edinim Kaynak Toplam Check-Out'Lar Tam Çağrı Numarası Barkod Tarih Son Görülme İtibaren Geçerli Fiyatlar Sigara Kamu Notu Koha Öğesi Türü
CHP Kütüphanesi CHP Kütüphanesi 11/15/2018 Bağış   340.09561 A49t 2014 018407 11/15/2018 11/15/2018 Bağışlayan: Ertuğrul Çepni Books